| 000 | 02174nac a22003611u 4500 | ||
|---|---|---|---|
| 010 | _a 2007451206 | ||
| 020 | _a1402046952 (hd.bd.) | ||
| 020 | _a9781402046957 (hd.bd.) | ||
| 020 | _a1402046960 (e-book) | ||
| 020 | _a9781402046964 (e-book) | ||
| 024 | 3 | _a9781402046957 | |
| 024 | 3 | _a9781402046964 | |
| 035 | _a(CStRLIN)CUBGGLAD17314072-B | ||
| 082 | 0 | 4 |
_a621.3 _bPRE |
| 090 |
_c8009 _d8009 |
||
| 100 | _aPreumont, AndreĆ?. | ||
| 245 | 1 | 0 |
_aMechatronics : _bdynamics of electromechanical and piezoelectric systems / _cby A. Preumont. |
| 260 |
_aDordrecht : _bSpringer,c2006. _cc2006. |
||
| 300 |
_axv, 207 p. : _bill. ; _c25 cm. |
||
| 490 | 1 |
_aSolid mechanics and its applications ; _vv. 136 |
|
| 500 | _aDistributer: Al-Ahram. | ||
| 504 | _aIncludes bibliographical references and index. | ||
| 505 | 0 | _aLagrangian dynamics of mechanical systems -- Dynamics of electrical networks -- Electromechanical systems -- Piezoelectric systems -- Piezoelectric laminates -- Active and passive damping with piezoelectric transducers. | |
| 511 | _aCatalogued By: Mahitab. | ||
| 520 | _aThis volume treats Lagrange's equations for electromechanical systems, including piezoelectric tranducers and selected applications. It is essentially an extension to piezoelectric systems of the work by Crandall et al.: Dynamcs of Mechanical and Electromechanical Sysyems, McGraw-Hill, published in 1968. The first three chapters contain classical meterial based on this and other well-known standard texts in the field, such as Methods of Analltical Dynamics by L. Meirovitch, McGraw-Hill, 1970. Some applications are new (e.g. geophone). Chapters 4 to 6 consist of new material which has not been published in a mongraph before. They deal with piezoelectric systems in a unified way, starting from a lagrangian approach. | ||
| 650 | 0 | _aMechatronics. | |
| 650 | 0 | _aDynamics. | |
| 650 | 0 | _aPiezoelectric transducers. | |
| 650 | 0 | _aElectromechanical devices. | |
| 830 | 0 | _aSolid mechanics and its applications ; | |
| 856 | 4 | 1 |
_3Table of contents only _uhttp://www.loc.gov/catdir/toc/fy0715/2007451206.html |
| 942 |
_cBB _k621.3PRE |
||
| 999 |
_c8009 _d8009 |
||